000 00471nam a2200181Ia 4500
005 20250326125936.0
008 250326s9999 xx 000 0 und d
037 _aTextbook
040 _aFMSL
_beng
_cFMSL
041 _aeng
_2eng
084 _aX N0
_qFMSL
100 _aGovet. OF India
245 0 _aEconomic survey 1969-70
_cGovet. OF India
260 _aDelhi
_bDelhi, Manager
_c1970
300 _a143p
942 _cTB
_hX N0
999 _c1280270
_d1280270